RUGBY - Les clubs de TOP 14 - 25/26 - Statistiques

Statistiques générales
  • Ce quiz a été pris 392 fois
  • Le résultat moyen est 13 sur 14
Statistiques - réponses
Réponse % Correct
Stade Toulousain
99%
Rugby Club Toulonnais
96%
Union Bordeaux Bègles
94%
Aviron Bayonnais
92%
USA Perpignan
91%
ASM Clermont Auvergne
90%
LOU Rugby
90%
Section Paloise
90%
Montpellier Hérault Rugby
89%
Racing 92
89%
Stade Rochelais
89%
Stade Français Paris
87%
Castres Olympiques
83%
US Montauban
81%
Aucun quiz correspondant
Distribution des résultats
% des personnes avec chaque résultat
Percentile par nombre de réponses
Votre historique - résultats
Vous n’avez pas pris ce quiz